00649nam a2200193Ia 4500008004100000020001400041082001600055100001900071245006600090250000700156260002700163300002300190500001900213600002100232650005000253942000700303952013000310999001500440240925s9999 xx 000 0 und d a672227371 a005.133 LAF aLafore, Robert 4aThe Waite Groups Turbo C Programming for the PC and Turbo C++ aNA aIndiana:bSAMSc,1990. a471p.bNAfPirated aIncludes Index aComputer Science aComputer science, information & general works cBK 001040708CSaUITUbUITUd1997-01-23eFarooq Kitab Gharg100.00l0o005.133 LAFpQ0900r2024-09-25 07:12:15w2024-09-25yBK c3399d3399